Normal view MARC view
  • Confederación de Trabajadores de América Latina

Entry Nombre Corporativo

Number of records used in: 8

001 - NÚMERO DE CONTROL

  • campo de control: 11491

003 - IDENTIFICADOR DE NUMERO DE CONTROL

  • campo de control: MX-MxUPN

005 - FECHA Y HORA DE LA ÜLTIMA TRANSACCIÓN

  • campo de control: 20240529132634.0

008 - DATOS DE LONGITUD FIJA

  • campo de control de longitud fija: 240529n||acannaabn | ana |d

035 ## - NÚMERO DE CONTROL

  • Número de control: UPN10000011498

040 ## - FUENTE DE CATALOGACIÓN

  • Lenguaje de catalogación: spa
  • Agencia transcribe: MX-MxUPN
  • Agencia original de catalogación: MX-MxUPN

110 2# - ENCABEZAMIENTO - NOMBRE CORPORATIVO

  • Nombre corporativo o de jurisdicción como elemento de entrada : Confederación de Trabajadores de América Latina

670 ## - FUENTE EN LA QUE SE LOCALIZARON DATOS

  • Cita de la fuente : E

670 ## - FUENTE EN LA QUE SE LOCALIZARON DATOS

  • Información localizada: (Confederación de Trabajadores de América Latina)
  • Uniform Resource Identifier: https://lccn.loc.gov/n83043836

902 ## - CATALOGADOR

  • Catalogador: MCM/290797
  • Catalogador: MaríaRobles/290524